Wrath of Allah (Record no. 6381)

MARC details
000 -LEADER
fixed length control field 00650nam a2200253 a 4500
020 ## - INTERNATIONAL STANDARD BOOK NUMBER
ISBN 0861048
082 00 - DEWEY DECIMAL CLASSIFICATION NUMBER
Classification number 955.054
Author Cutter NIM
100 ## - MAIN ENTRY--AUTHOR NAME
Author name Nima, Ramy
245 ## - TITLE STATEMENT
Title Wrath of Allah
Sub title Islamic Revolution and Reaction in Iran
260 ## - PUBLICATION, DISTRIBUTION, ETC. (IMPRINT)
Place of publication London
Name of publisher Pluto Press
Year of publication 1983
300 ## - PHYSICAL DESCRIPTION
Number of Pages 170p
500 ## - GENERAL NOTE
General note includes index and biblioraphy
505 2# - FORMATTED CONTENTS NOTE
Formatted contents note Notes and Refernces
650 ## - SUBJECT ADDED ENTRY--TOPICAL TERM
Topical Term Iran-Politics
650 ## - SUBJECT ADDED ENTRY--TOPICAL TERM
Topical Term Islam and Politics
942 ## - ADDED ENTRY ELEMENTS (KOHA)
Koha item type Books
700 1# -
-- Nima, Ramy
Holdings
Collection code Home library Current library Date acquired Cost, normal purchase price Full call number Accession Number Koha item type
  Henry Martyn Institute Library Henry Martyn Institute Library 05/29/2007 292.30 955.054 NIM 012806 Books
                   Copyright © 2026 | Henry Martyn Institute | Hyderabad | TS-500052 | INDIA | Implemented by hmi.edu.in
Hit-Count:

Powered by Koha